King Saul : a villain or a hero? : (Record no. 9688)

MARC details
000 -LEADER
fixed length control field 00658nam a22002057a 4500
003 - CONTROL NUMBER IDENTIFIER
control field GBCCL
005 - DATE AND TIME OF LATEST TRANSACTION
control field 20241126110717.0
008 - FIXED-LENGTH DATA ELEMENTS--GENERAL INFORMATION
fixed length control field 230501b ||||| |||| 00| 0 eng d
020 ## - INTERNATIONAL STANDARD BOOK NUMBER
International Standard Book Number 9788184580716
020 ## - INTERNATIONAL STANDARD BOOK NUMBER
International Standard Book Number 8184580711
040 ## - CATALOGING SOURCE
Transcribing agency GBC
082 ## - DEWEY DECIMAL CLASSIFICATION NUMBER
Classification number 222.4306
Item number IGN
100 ## - MAIN ENTRY--PERSONAL NAME
Personal name Ignatius, Peter
9 (RLIN) 16840
245 ## - TITLE STATEMENT
Title King Saul : a villain or a hero? :
Remainder of title revisiting the character of Saul
260 ## - PUBLICATION, DISTRIBUTION, ETC.
Place of publication, distribution, etc. Delhi :
Name of publisher, distributor, etc. Indian Society for Promoting Christian Knowledge,
Date of publication, distribution, etc. 2008
300 ## - PHYSICAL DESCRIPTION
Extent xx, 150 pages ;
Dimensions 22 cm
650 ## - SUBJECT ADDED ENTRY--TOPICAL TERM
Topical term or geographic name entry element Bible.
Form subdivision Samuel, 1st
9 (RLIN) 16841
650 ## - SUBJECT ADDED ENTRY--TOPICAL TERM
Topical term or geographic name entry element Bible.
Form subdivision Samuel, 1st
General subdivision Criticism, interpretation, etc
9 (RLIN) 16842
942 ## - ADDED ENTRY ELEMENTS (KOHA)
Source of classification or shelving scheme Dewey Decimal Classification
Koha item type Books
Koha issues (borrowed), all copies 6
Holdings
Withdrawn status Lost status Source of classification or shelving scheme Damaged status Not for loan Home library Current Library Shelving location Date acquired Total checkouts Full call number Barcode Date last seen Date last checked out Copy number Price effective from Koha item type Total renewals
    Dewey Decimal Classification     GRACE BIBLE COLLEGE GRACE BIBLE COLLEGE Biblical Studies 2023-05-01 5 222.4306 IGN 016193 2026-03-06 2026-02-27 c.1 2023-05-01 Books  
    Dewey Decimal Classification     GRACE BIBLE COLLEGE GRACE BIBLE COLLEGE Biblical Studies 2023-05-01 5 222.4306 IGN 016194 2026-03-09 2026-02-27 c.2 2023-05-01 Books 2
© Grace Bible College Library 2025